000 00693nam a2200229 a 4500
001 1234
003 BR-CuiBMT
005 20231204235422.0
008 231201s2012 mtb 000 0 por d
040 _aBR-CuiBMT
_cBR-CuiBMT
080 _22007
_a82-94
_x(817.2)
090 _a82-94(817.2)
_bS618c
100 1 _aSiqueira, Joaquim da Costa
245 1 0 _aCrônicas do Cuiabá /
_cJoaquim da Costa Siqueira.
260 _aCuiabá :
_bSEC-MT;
_bIntegrar;
_bDefanti,
_c2012.
300 _a132 p. ;
_c21 cm
490 1 _aColeção memórias históricas
650 _aCrônicas mato-grossenses
650 _aMemórias históricas
_zMato Grosso
830 0 _aMemórias históricas
942 _2udc
_cLV
999 _c1234
_d1234